Casos de la jurisprudencia penal con comentarios doctrinales parte general /

Detalles Bibliográficos
Autor principal: Silva Sǹchez, Jess︢
Otros Autores: Bald ̤Lavilla, Francisco, Corcoy Bidasolo, Mirentxu
Formato: Desconocido
Lenguaje:español
Publicado: Barcelona : Bosch, 1996
Materias:
Acceso en línea:Acceso restringido

MARC

LEADER 00000ny a22000003n 4500
005 20110520121639.0
008 970513s1996 sp 000 spa c
017 |a B36211-1996 
020 |a 8476984669 
035 |a 1128 
040 |a UMA.DER  |d UMA.RE  |d vLex 
080 |a 343.13.096(460)(0.034) 
090 |c 96  |d 96 
100 1 |a Silva Sǹchez, Jess︢ 
245 1 0 |a Casos de la jurisprudencia penal con comentarios doctrinales  |h [Recurso electrn̤ico]  |b parte general /  |c Jess︢ Mara̕ Corcoy Bidasolo, Francisco Bald ̤Lavilla 
256 |a Servicio en ln̕ea 
260 |a Barcelona :  |b Bosch,  |c 1996 
300 |a 477 p. ;  |c 24 cm 
504 |a Bibliografa̕: p. 25-26 
506 1 |a Contenido solo disponible en los productos indicados  |d vLex Global  |d vLex Global (Academic Edition, excluding Law Schools)  |d vLex Global (U.S. Academic Edition, Law Schools)  |d vLex Global (U.S. Academic Edition, excluding Law Schools)  |d vLex Global (Academic Edition, Law Schools) 
650 0 7 |a Penal  |2 Tesauro vLex 
650 0 7 |a Derecho penal  |2 Tesauro vLex 
700 1 |a Bald ̤Lavilla, Francisco 
700 1 |a Corcoy Bidasolo, Mirentxu 
740 0 |a vLex Libros (Servicios en ln̕ea) 
856 4 0 |u http://vlex.com/source/1128  |z Acceso restringido 
942 |c BOOK 
999 0 4 |a Penal procedure  |z Spain